|
|
|
|
| LEADER |
00000aai a2200000 a 4500 |
| 001 |
115437 |
| 003 |
CZ-ZlUTB |
| 005 |
20260428105024.0 |
| 008 |
040319c19869999xxugr e i0 a0eng |
| 022 |
|
|
|a 1014-5753
|
| 035 |
|
|
|a (OCoLC)18538325
|
| 040 |
|
|
|b cze
|c OCLC
|d ABA001
|d ZLD002
|
| 072 |
|
7 |
|a 656
|x Doprava
|2 Konspekt
|9 4
|
| 080 |
|
|
|a 656.073.436
|2 MRF
|
| 080 |
|
|
|a 34
|2 MRF
|
| 080 |
|
|
|a (094.5)
|2 MRF
|
| 086 |
|
|
|a ST/SG/AC.10/1/...
|
| 110 |
2 |
|
|a Organizace spojených národů.
|b Committee of Experts on the Transport of Dangerous Goods
|7 kn20040217021
|
| 245 |
1 |
0 |
|a Recommendations on the transport of dangerous goods
|
| 246 |
1 |
8 |
|a Transport of dangerous goods, model regulations
|
| 246 |
1 |
8 |
|a Transport of dangerous goods, recommendations
|
| 260 |
|
|
|a New York :
|b United Nations,
|c 1986-
|
| 300 |
|
|
|a ^^^sv. :
|b il. ;
|c 23-31 cm
|
| 310 |
|
|
|a Vychází 1x za 2 roky
|
| 362 |
0 |
|
|a 4th rev. ed. (1985)-
|
| 500 |
|
|
|a Dostupná vydání i v arabštině, čínštině, francouzštině, ruštině a španělštině
|
| 500 |
|
|
|a Má supplement: United Nations. Committee of Experts on the Transport of Dangerous Goods. Recommendations on the transport of dangerous goods. Tests and criteria, 1986-1990; United Nations. Committee of Experts on the Transport of Dangerous Goods. Recommendations on the transport of dangerous goods. Manual of tests and criteria, 1995-
|
| 500 |
|
|
|a Od r. 1997, 10th rev. ed., má podnázev: Model regulations
|
| 650 |
0 |
7 |
|a přeprava nebezpečného nákladu
|7 ph137279
|x právní aspekty
|2 czenas
|
| 650 |
0 |
9 |
|a transportation of hazardous substances
|x legal aspects
|2 eczenas
|
| 655 |
|
7 |
|a právní předpisy
|7 fd133151
|2 czenas
|
| 655 |
|
9 |
|a legal regulations
|2 eczenas
|
| 770 |
0 |
|
|a Organizace spojených národů. Committee of Experts on the Transport of Dangerous Goods
|t Recommendations on the transport of dangerous goods. Tests and criteria
|x 1014-7160
|
| 770 |
0 |
|
|a United Nations. Committee of Experts on the Transport of Dangerous Goods
|t Recommendations on the transport of dangerous goods. Manual of tests and criteria
|
| 780 |
0 |
0 |
|a Organizace spojených národů. Committee of Experts on the Transport of Dangerous Goods
|t Transport of dangerous goods, recommendations
|
| 902 |
|
|
|a 978-92-1-139221-0
|q (2023 ;
|q brožováno)
|
| 910 |
|
|
|a ZLD002
|s 2023-
|
| 942 |
|
|
|2 udc
|
| 952 |
|
|
|0 0
|1 0
|4 0
|5 0
|6 656RECOMMENDATIONS
|7 0
|8 BOOK
|9 190587
|a UTBZL
|b UTBZL
|c 005
|d 2026-04-01
|h 2023 (Volume I)
|l 0
|o 656/RECOMMENDATIONS
|p 420010201842
|r 2026-04-01 15:12:50
|v 1520.00
|w 2026-04-01
|x N:nákup
|y 01
|
| 952 |
|
|
|0 0
|1 0
|4 0
|5 0
|6 656RECOMMENDATIONS
|7 0
|8 BOOK
|9 190588
|a UTBZL
|b UTBZL
|c 005
|d 2026-04-01
|h 2023 (Volume II)
|l 0
|o 656/RECOMMENDATIONS
|p 420010201843
|r 2026-04-01 15:13:55
|v 1520.00
|w 2026-04-01
|x N:nákup
|y 01
|
| 952 |
|
|
|0 0
|1 0
|4 0
|5 0
|6 656RECOMMENDATIONS
|7 0
|8 BOOK
|9 190589
|a UTBUH
|b UTBUH
|c 028
|d 2026-04-01
|h 2023 (Volume I)
|l 0
|o 656/RECOMMENDATIONS
|p 420010201844
|r 2026-04-08 09:38:13
|v 1520.00
|w 2026-04-01
|x N:nákup
|y 01
|
| 952 |
|
|
|0 0
|1 0
|4 0
|5 0
|6 656RECOMMENDATIONS
|7 0
|8 BOOK
|9 190590
|a UTBUH
|b UTBUH
|c 028
|d 2026-04-01
|h 2023 (Volume II)
|l 0
|o 656/RECOMMENDATIONS
|p 420010201845
|r 2026-04-08 09:38:09
|v 1520.00
|w 2026-04-01
|x N:nákup
|y 01
|
| 992 |
|
|
|b SK
|c IZ
|
| 999 |
|
|
|c 115437
|d 115437
|